<?xml version="1.0" encoding="UTF-8"?>
<record
    xmlns:xsi="http://www.w3.org/2001/XMLSchema-instance"
    xsi:schemaLocation="http://www.loc.gov/MARC21/slim http://www.loc.gov/standards/marcxml/schema/MARC21slim.xsd"
    xmlns="http://www.loc.gov/MARC21/slim">

  <leader>00773nam a22001697a 4500</leader>
  <controlfield tag="008">110914s2006    ua|||||r|||| 00| 0dara  </controlfield>
  <datafield tag="082" ind1=" " ind2=" ">
    <subfield code="2">22</subfield>
    <subfield code="a">020</subfield>
    <subfield code="b">&#x639; &#x644; &#x64A;</subfield>
  </datafield>
  <datafield tag="100" ind1=" " ind2=" ">
    <subfield code="9">27185</subfield>
    <subfield code="a">&#x639;&#x644;&#x64A; &#x60C; &#x646;&#x628;&#x64A;&#x644;</subfield>
  </datafield>
  <datafield tag="245" ind1=" " ind2=" ">
    <subfield code="a">&#x62A;&#x642;&#x627;&#x646;&#x629; &#x627;&#x644;&#x645;&#x639;&#x644;&#x648;&#x645;&#x627;&#x62A; &#x648;&#x627;&#x644;&#x62B;&#x642;&#x627;&#x641;&#x629; :</subfield>
    <subfield code="b">&#x631;&#x624;&#x64A;&#x629; &#x639;&#x631;&#x628;&#x64A;&#x629; /</subfield>
    <subfield code="c">&#x646;&#x628;&#x64A;&#x644; &#x639;&#x644;&#x64A;</subfield>
  </datafield>
  <datafield tag="260" ind1=" " ind2=" ">
    <subfield code="a">&#x627;&#x644;&#x642;&#x627;&#x647;&#x631;&#x629; :</subfield>
    <subfield code="b">&#x62F;&#x627;&#x631; &#x627;&#x644;&#x639;&#x64A;&#x646; &#x644;&#x644;&#x646;&#x634;&#x631;&#x60C; </subfield>
    <subfield code="c">2006</subfield>
  </datafield>
  <datafield tag="300" ind1=" " ind2=" ">
    <subfield code="a">460 &#x635; :</subfield>
    <subfield code="b">&#x623;&#x64A;&#x636; &#x61B;</subfield>
    <subfield code="c">24 &#x633;&#x645;</subfield>
  </datafield>
  <datafield tag="504" ind1=" " ind2=" ">
    <subfield code="a">&#x64A;&#x634;&#x62A;&#x645;&#x644; &#x639;&#x644;&#x649; &#x625;&#x631;&#x62C;&#x627;&#x639;&#x627;&#x62A; &#x628;&#x628;&#x644;&#x64A;&#x648;&#x62C;&#x631;&#x627;&#x641;&#x64A;&#x629; :&#x635;461-475</subfield>
  </datafield>
  <datafield tag="650" ind1=" " ind2=" ">
    <subfield code="9">27186</subfield>
    <subfield code="a">&#x627;&#x644;&#x645;&#x639;&#x644;&#x648;&#x645;&#x627;&#x62A; &#x60C; &#x639;&#x644;&#x645;</subfield>
  </datafield>
  <datafield tag="650" ind1=" " ind2=" ">
    <subfield code="9">13400</subfield>
    <subfield code="a">&#x627;&#x644;&#x62B;&#x642;&#x627;&#x641;&#x629; &#x627;&#x644;&#x639;&#x631;&#x628;&#x64A;&#x629;</subfield>
  </datafield>
  <datafield tag="942" ind1=" " ind2=" ">
    <subfield code="2">ddc</subfield>
    <subfield code="c">BB</subfield>
  </datafield>
  <datafield tag="999" ind1=" " ind2=" ">
    <subfield code="c">16030</subfield>
    <subfield code="d">16030</subfield>
  </datafield>
  <datafield tag="952" ind1=" " ind2=" ">
    <subfield code="0">0</subfield>
    <subfield code="1">0</subfield>
    <subfield code="2">ddc</subfield>
    <subfield code="4">0</subfield>
    <subfield code="7">0</subfield>
    <subfield code="8">Alef-Baa</subfield>
    <subfield code="a">MAIN</subfield>
    <subfield code="b">MAIN</subfield>
    <subfield code="c">LOW</subfield>
    <subfield code="d">2011-09-14</subfield>
    <subfield code="e">purchase</subfield>
    <subfield code="o">020 &#x639; &#x644; &#x64A;</subfield>
    <subfield code="p">000024738</subfield>
    <subfield code="r">2025-07-15 00:00:00</subfield>
    <subfield code="y">BB</subfield>
  </datafield>
</record>
